QUALITY ASSURANCE AND QUALITY MANAGEMENT SYSTEM (Record no. 1221598)

MARC details
000 -LEADER
fixed length control field 00423nam a2200157Ia 4500
008 - FIXED-LENGTH DATA ELEMENTS--GENERAL INFORMATION
fixed length control field 260514s2023 xx 000 0 und d
041 ## - LANGUAGE CODE
Language code of text/sound track or separate title eng
082 ## - DEWEY DECIMAL CLASSIFICATION NUMBER
Classification number 615.19/GUP
Item number M-3743
100 ## - MAIN ENTRY--PERSONAL NAME
Personal name PROF.M.K.GUPTA
245 ## - TITLE STATEMENT
Title QUALITY ASSURANCE AND QUALITY MANAGEMENT SYSTEM
250 ## - EDITION STATEMENT
Edition statement 3rd ed
260 ## - PUBLICATION, DISTRIBUTION, ETC.
Place of publication, distribution, etc. PUNE
Name of publisher, distributor, etc. NIRALI PRAKASHAN
Date of publication, distribution, etc. 2023
300 ## - PHYSICAL DESCRIPTION
Extent P.B.14-18
650 ## - SUBJECT ADDED ENTRY--TOPICAL TERM
Topical term or geographic name entry element QUALITY ASSURANCE
700 ## - ADDED ENTRY--PERSONAL NAME
Personal name DEEPIKA BAIRGGEE
Holdings
Withdrawn status Lost status Damaged status Not for loan Home library Current library Date acquired Total Checkouts Full call number Barcode Date last seen Price effective from Koha item type
        College of Pharmacy, Kolhapur College of Pharmacy, Kolhapur 29/07/2025   615.19/GUP/M-3743 PCK-M-3743 14/05/2026 14/05/2026 Book